Investing with the trend : a rules-based approach to money management /

Bibliographic Details
Main Author: Morris, Gregory L.
Format: eBook
Language:English
Published: Hoboken, New Jersey : Bloomberg Press, 2014.
Series:Bloomberg financial series
Subjects:
Online Access:Click to View
LEADER 01840nam a2200433 i 4500
001 EBC1574358
003 MiAaPQ
005 20200520144314.0
006 m o d |
007 cr cnu||||||||
008 131221s2014 nju ob 001 0 eng d
020 |z 9781118508374 
020 |a 9781118726976  |q (electronic bk.) 
020 |a 9781118726693  |q (electronic bk.) 
035 |a (MiAaPQ)EBC1574358 
035 |a (Au-PeEL)EBL1574358 
035 |a (CaPaEBR)ebr10814702 
035 |a (CaONFJC)MIL548157 
035 |a (OCoLC)864745389 
040 |a MiAaPQ  |b eng  |e rda  |e pn  |c MiAaPQ  |d MiAaPQ 
050 4 |a HG4529  |b .M677 2014 
082 0 |a 332.632042  |2 23 
100 1 |a Morris, Gregory L. 
245 1 0 |a Investing with the trend :  |b a rules-based approach to money management /  |c Gregory L. Morris. 
264 1 |a Hoboken, New Jersey :  |b Bloomberg Press,  |c 2014. 
264 4 |c 2014 
300 |a 1 online resource (498 pages). 
336 |a text  |2 rdacontent 
337 |a computer  |2 rdamedia 
338 |a online resource  |2 rdacarrier 
490 0 |a Bloomberg financial series 
504 |a Includes bibliographical references and index. 
588 |a Description based on online resource; title from PDF title page (ebrary, viewed December 21, 2013). 
590 |a Electronic reproduction. Ann Arbor, MI : ProQuest, 2015. Available via World Wide Web. Access may be limited to ProQuest affiliated libraries. 
650 0 |a Investment analysis. 
655 4 |a Electronic books. 
776 0 8 |i Print version:  |a Morris, Gregory L.  |t Investing with the trend : a rules-based approach to beating the market.  |d Hoboken, New Jersey : Bloomberg Press, c2014   |h xvi, 480 pages   |k Bloomberg financial series.  |z 9781118508374 
797 2 |a ProQuest (Firm) 
856 4 0 |u https://ebookcentral.proquest.com/lib/matrademy/detail.action?docID=1574358  |z Click to View